An introduction to derivatives and risk management / (Record no. 484)

000 -LEADER
fixed length control field nam a22 a 4500
005 - DATE AND TIME OF LATEST TRANSACTION
control field 20170504093511.0
008 - FIXED-LENGTH DATA ELEMENTS--GENERAL INFORMATION
fixed length control field 170504s2015 -us||||| |||| 00| 0 eng d
020 ## - INTERNATIONAL STANDARD BOOK NUMBER
International Standard Book Number 9781305104969
020 ## - INTERNATIONAL STANDARD BOOK NUMBER
International Standard Book Number 130510496X
040 ## - CATALOGING SOURCE
Original cataloging agency AKMAL
082 ## - DEWEY DECIMAL CLASSIFICATION NUMBER
Classification number 332.6457 CHA
090 ## - LOCALLY ASSIGNED LC-TYPE CALL NUMBER (OCLC); LOCAL CALL NUMBER (RLIN)
Classification number (OCLC) (R) ; Classification number, CALL (RLIN) (NR) 332.6457
Local cutter number (OCLC) ; Book number/undivided call number, CALL (RLIN) CHA
100 1# - MAIN ENTRY--PERSONAL NAME
Personal name Chance, Don M.
9 (RLIN) 1105
245 13 - TITLE STATEMENT
Title An introduction to derivatives and risk management /
Statement of responsibility, etc. Don M. Chance, Robert Brooks.
250 ## - EDITION STATEMENT
Edition statement 10th edition.
260 ## - PUBLICATION, DISTRIBUTION, ETC.
Place of publication, distribution, etc. Mason, OH :
Name of publisher, distributor, etc. Cengage Learning,
Date of publication, distribution, etc. 2015.
300 ## - PHYSICAL DESCRIPTION
Extent 582, A-12, G-14, I-10 pages :
Other physical details illustrations (black and white) ;
Dimensions 26cm
500 ## - GENERAL NOTE
General note Previous edition: Mason, Ohio: South-Western Cengage Learning, 2013.
504 ## - BIBLIOGRAPHY, ETC. NOTE
Bibliography, etc. note Includes bibliographical references and index.
599 ## - LOCAL NOTE
Local Note DALAM PROSES
650 #0 - SUBJECT ADDED ENTRY--TOPICAL TERM
Topical term or geographic name entry element Derivative securities.
9 (RLIN) 1106
650 #0 - SUBJECT ADDED ENTRY--TOPICAL TERM
Topical term or geographic name entry element Risk management.
9 (RLIN) 1107
700 ## - ADDED ENTRY--PERSONAL NAME
Personal name Brooks, Robert Edwin,
Dates associated with a name 1960-
Relator term author.
9 (RLIN) 1108
942 ## - ADDED ENTRY ELEMENTS (KOHA)
Source of classification or shelving scheme
Koha item type Book
950 ## - LOCAL HOLDINGS (RLIN)
Permanent shelving location, LOC (RLIN) AKMAL
Holdings
Withdrawn status Lost status Source of classification or shelving scheme Damaged status Not for loan Collection code Home library Current library Shelving location Date acquired Inventory number Total Checkouts Full call number Barcode Date last seen Price effective from Koha item type
          FICTION AKMAL Melaka AKMAL Melaka PINJAMAN 04.05.2017 307001   332.6457 CHA 201701452 04.05.2017 04.05.2017 Book
Pusat Sumber Maklumat Dato' Haji Sarmin Md Hussin, Akademi Kastam Diraja Malaysia, Melaka
Tel: 06-2331106 | Faks: 06-2313787